00623nam a22002057a 450000500170000001000130001702000220003003500130005203700160006504000120008108200170009324500680011026000370017827000470021530000250026250000500028765000420033765000120037970000260039120170124110057.0 aA-346076 c00.00a8120804651 aA-346076 bCen Lib/Ret aDPLbEN a954.011bAGE aAge of the Nandas and Mauryas /cedited by K.A.Nilakanta Sastri bMotilal BanarsidassaDelhic1988 aBunglow Road, Jawahar NagarbDelhie110007 axiv,439p. c19cm(Hb) aIncludes bibliographical references and index aIndia -- History -- 324 B.C.-1000 A.D aMagadha aSastri, K.A.Nilakanta